00369pab a2200133 454500008004000000100002400040245006100064260000900125300001500134362000800149650001900157700002300176773003600199180718b2010 xxu||||| |||| 00| 0 eng d aChandrashekar, T.C. aWater crisis in India - Issues and implication-over-view c2010 ap.609-619. aJan aDrinking water aReddy, B. Ravindra aAgricultural Situation in India